A Text book of Electrical Technology : in S.I. system of units / (Record no. 521)
[ view plain ]
| 000 -LEADER | |
|---|---|
| fixed length control field | 00911nam a22002657a 4500 |
| 003 - CONTROL NUMBER IDENTIFIER | |
| control field | BUBTL |
| 008 - FIXED-LENGTH DATA ELEMENTS--GENERAL INFORMATION | |
| fixed length control field | 130622b xxu||||| |||| 00| 0 eng d |
| 020 ## - INTERNATIONAL STANDARD BOOK NUMBER | |
| International Standard Book Number | 8121924413 |
| 024 ## - OTHER STANDARD IDENTIFIER | |
| Terms of availability | available |
| 037 ## - SOURCE OF ACQUISITION | |
| Terms of availability | available |
| 082 ## - DEWEY DECIMAL CLASSIFICATION NUMBER | |
| Edition number | 22 |
| Classification number | 621.302/ T3434t/ 2005 |
| 100 ## - MAIN ENTRY--PERSONAL NAME | |
| Personal name | Theraja, B L |
| 245 ## - TITLE STATEMENT | |
| Title | A Text book of Electrical Technology : in S.I. system of units / |
| Statement of responsibility, etc. | B. L. Theraja, A.K. Theraja |
| 250 ## - EDITION STATEMENT | |
| Edition statement | 24th Edn. |
| 260 ## - PUBLICATION, DISTRIBUTION, ETC. (IMPRINT) | |
| Place of publication, distribution, etc. | New Delhi: |
| Name of publisher, distributor, etc. | S. Chand and Company Ltd., |
| Date of publication, distribution, etc. | c2003 |
| 300 ## - PHYSICAL DESCRIPTION | |
| Extent | xxxiii,2749 p.: |
| Other physical details | ill.; |
| Dimensions | 24 cm. |
| 505 ## - FORMATTED CONTENTS NOTE | |
| Formatted contents note | Electrical Technology : in S.I. system of units, B. L. Theraja, A.K. Theraja |
| 600 ## - SUBJECT ADDED ENTRY--PERSONAL NAME | |
| Personal name | Electrical Engineering |
| 9 (RLIN) | 4299 |
| 650 #0 - SUBJECT ADDED ENTRY--TOPICAL TERM | |
| 9 (RLIN) | 4295 |
| Topical term or geographic name as entry element | Electrical and Electronic Engineering |
| 700 ## - ADDED ENTRY--PERSONAL NAME | |
| Personal name | Theraja, A.k. |
| 9 (RLIN) | 4298 |
| 856 ## - ELECTRONIC LOCATION AND ACCESS | |
| Password | 0 |
| Logon | 0 |
| Link text | Download |
| 270 ## - ADDRESS | |
| Address | New Delhi |
| City | New Delhi |
| Country | India |
| 942 ## - ADDED ENTRY ELEMENTS (KOHA) | |
| Source of classification or shelving scheme | |
| Koha item type | Books |
| Withdrawn status | Lost status | Source of classification or shelving scheme | Damaged status | Not for loan | Collection code | Permanent location | Current location | Shelving location | Date acquired | Inventory number | Total Checkouts | Full call number | Barcode | Date last seen | Copy number | Price effective from | Koha item type |
|---|---|---|---|---|---|---|---|---|---|---|---|---|---|---|---|---|---|
| Not For Loan | Non-fiction | Bangladesh University of Business and Technology Library | Bangladesh University of Business and Technology Library | Electronic Engineering Stacks | 03/07/2015 | 20263 | 621.302 THT | BUBTL-200320263 | 02/04/2016 | C-1 | 02/04/2016 | Books | |||||
| Not For Loan | Non-fiction | Bangladesh University of Business and Technology Library | Bangladesh University of Business and Technology Library | Electronic Engineering Stacks | 03/07/2015 | 20264 | 621.302 THT | BUBTL-200320264 | 02/04/2016 | C-2 | 02/04/2016 | Books | |||||
| Not For Loan | Non-fiction | Bangladesh University of Business and Technology Library | Bangladesh University of Business and Technology Library | Electronic Engineering Stacks | 03/07/2015 | 20265 | 621.302 THT | BUBTL-200320265 | 02/04/2016 | C-3 | 02/04/2016 | Books | |||||
| Not For Loan | Non-fiction | Bangladesh University of Business and Technology Library | Bangladesh University of Business and Technology Library | Electronic Engineering Stacks | 03/07/2015 | 20266 | 621.302 THT | BUBTL-200320266 | 02/04/2016 | C-4 | 02/04/2016 | Books | |||||
| Not For Loan | Non-fiction | Bangladesh University of Business and Technology Library | Bangladesh University of Business and Technology Library | Electronic Engineering Stacks | 03/07/2015 | 20267 | 621.302 THT | BUBTL-200320267 | 02/04/2016 | C-5 | 02/04/2016 | Books |
